<?xml version="1.0" encoding="UTF-8"?>
<record
    xmlns:xsi="http://www.w3.org/2001/XMLSchema-instance"
    xsi:schemaLocation="http://www.loc.gov/MARC21/slim http://www.loc.gov/standards/marcxml/schema/MARC21slim.xsd"
    xmlns="http://www.loc.gov/MARC21/slim">

  <leader>00675nam a22001817a 4500</leader>
  <controlfield tag="003">UA-OsUOA</controlfield>
  <controlfield tag="001"> 16382 </controlfield>
  <controlfield tag="007">ta</controlfield>
  <controlfield tag="008">20040104b un ||||| |||| 00| 0 ukr d</controlfield>
  <datafield tag="100" ind1=" " ind2=" ">
    <subfield code="a">&#x413;&#x43B;&#x443;&#x449;&#x443;&#x43A; &#x412;.</subfield>
  </datafield>
  <datafield tag="942" ind1=" " ind2=" ">
    <subfield code="c">SA</subfield>
  </datafield>
  <datafield tag="040" ind1=" " ind2=" ">
    <subfield code="a">UA-OsUOA</subfield>
    <subfield code="c">UA-OsUOA</subfield>
    <subfield code="d">UA-OsUOA</subfield>
  </datafield>
  <datafield tag="245" ind1=" " ind2=" ">
    <subfield code="a">"&#x41F;&#x43E;&#x448;&#x442;&#x430; - &#x44F;&#x43A; &#x43F;&#x43E;&#x432;&#x456;&#x442;&#x440;&#x44F;: &#x43A;&#x43E;&#x43B;&#x438; &#x43D;&#x435;&#x43C;&#x430;, &#x442;&#x43E;&#x434;&#x456; &#x439; &#x432;&#x456;&#x434;&#x447;&#x443;&#x432;&#x430;&#x454;&#x448; &#x457;&#x457; &#x432;&#x430;&#x436;&#x43B;&#x438;&#x432;&#x456;&#x441;&#x442;&#x44C;": [&#x420;&#x43E;&#x437;&#x43C;&#x43E;&#x432;&#x430; &#x437; &#x434;&#x438;&#x440;. &#x420;&#x456;&#x432;&#x43D;&#x435;&#x43D;. &#x434;&#x438;&#x440;&#x435;&#x43A;&#x446;&#x456;&#x457; &#x414;&#x41F;&#x41F;&#x417; "&#x423;&#x43A;&#x440;&#x43F;&#x43E;&#x448;&#x442;&#x430;" &#x412;. &#x413;&#x43B;&#x443;&#x449;&#x443;&#x43A;&#x43E;&#x43C;]</subfield>
  </datafield>
  <datafield tag="300" ind1=" " ind2=" ">
    <subfield code="a">&#x421;.19</subfield>
  </datafield>
  <datafield tag="955" ind1=" " ind2=" ">
    <subfield code="a">0</subfield>
  </datafield>
  <datafield tag="773" ind1="0" ind2=" ">
    <subfield code="w">0</subfield>
    <subfield code="t">&#x420;&#x456;&#x432;&#x43D;&#x435; &#x432;&#x435;&#x447;&#x456;&#x440;&#x43D;&#x454;</subfield>
    <subfield code="d">&#x420;&#x456;&#x432;&#x43D;&#x435;</subfield>
    <subfield code="d">2003</subfield>
    <subfield code="g">&#x2116;94/ 19 &#x433;&#x440;&#x443;&#x434;./</subfield>
  </datafield>
  <datafield tag="650" ind1=" " ind2="7">
    <subfield code="a">&#x417;&#x432;'&#x44F;&#x437;&#x43E;&#x43A;</subfield>
    <subfield code="2">UDC</subfield>
  </datafield>
  <datafield tag="999" ind1=" " ind2=" ">
    <subfield code="c">302547</subfield>
    <subfield code="d">302547</subfield>
  </datafield>
</record>
